Statistics for Top 10 Most Jewish U.S. States

Click here to take the quiz!

General Stats

  • This quiz has been taken 31,427 times
  • The average score is 7 of 10

Answer Stats

%State% Correct
8.77New York
98%
3.00California
87%
5.89New Jersey
80%
3.05Florida
71%
4.17Massachusetts
68%
3.34Pennsylvania
65%
3.28Connecticut
64%
3.86Maryland
56%
2.32Illinois
47%
2.46Nevada
21%

Score Distribution

Percentile by Number Answered

Percent of People with Each Score

Your Score History

You have not taken this quiz